Vista normal Vista MARC

Entrada Personal Name

Número de registros utilizados en: 1

001 - CONTROL NUMBER

  • control field: 69516

003 - CONTROL NUMBER IDENTIFIER

  • control field: OSt

005 - DATE AND TIME OF LATEST TRANSACTION

  • control field: 20260320210128.0

008 - FIXED-LENGTH DATA ELEMENTS

  • fixed length control field: 260320|| aca||aabn | a|a d

040 ## - CATALOGING SOURCE

  • Original cataloging agency: OSt
  • Transcribing agency: OSt

100 ## - HEADING--PERSONAL NAME

  • Personal name: Uhart, Hebe,
  • Dates associated with a name: 1936-

670 ## - SOURCE DATA FOUND

  • Source citation: Work cat.: (OSt)60830: Uhart, Hebe, 1936- aut, De aquí para allá /









Instituto Departamental de Cultura del Meta - Red Departamental de Bibliotecas Públicas del Meta.